01126aab a2200205 i 4500001001000000003001000010005001700020008004100037040001900078041000800097100003200105245009000137300007600227520033800303650002600641773011400667773011400781942000800895999001700903768714001CO-MdFUSB20240424144800.0220822t2004 cr a|||| |||| 00| 0 spa d bspacCO-MdFUSB aspa1 aMilován, Guillermoeautor10aEl evangelio que dignifica a la mujer :bApuntes Mujer Líderc/ Guillermo Milován aVolumen 21, número 4 (julio - septiembre, 2004), página: 6c; 27 cm aEsta es la clase de liberación que esperan millones de mujeres alrededor del mundo; a pesar del paso del tiempo, la respuesta y la solución para sus vidas se sigue encontrando en la misma persona: Cristo, quien es la esperanza para las mujeres y para todo aquél que se encuentre preso y señalado por aquellos que le rodean.  09362aEvangelización0 tApuntes Pastorales049442960142gVolumen 21, número 4 (julio - septiembre, 2004), página: 6qpágina: 60 tApuntes Pastorales049442960188gVolumen 21, número 4 (julio - septiembre, 2004), página: 6qpágina: 6 cANA c60576d60576